000 00652nam a2200253Ia 4500
003 OSt
005 20220918191851.0
006 a|||||r|||| 00| 0
007 ta
008 220917b |||||||| |||| 00| 0 eng d
024 _a65,509
037 _cTextual
040 _aARTS
_cARTS
_beng
041 _2eng
_aeng
082 _aQ851:3:g, M7
100 _aBremmer Jan Ed.
_977422
245 0 _aInterpretations of Greek mythology
260 _aLondon
_bCroom Helm
_c1987
300 _a294p.
_ccm.
500 _aBib 280-83p
650 _aRELIGION
942 _hQ851:3:g, M7
_cTEXL
_2CC
999 _c191752
_d191752